| 000 | 00375nam a22001571a 4500 | ||
|---|---|---|---|
| 020 | _a9781851683710 | ||
| 082 |
_a576.8 _bBUR/E |
||
| 100 | _aBurton S Guttman | ||
| 245 |
_aEvolution: _ba beginner's guide/ _cby Burton S Guttman |
||
| 260 |
_aOxford: _bOneworld, _c2012. |
||
| 300 | _a203p. | ||
| 650 | _aBiology | ||
| 650 | _aEvolution | ||
| 650 | _aSciences | ||
| 942 | _cBK | ||
| 999 |
_c14091 _d14091 |
||